| 000 | 00766nam a2200241 a 4500 | ||
|---|---|---|---|
| 001 | BRCA_5116 | ||
| 005 | 20190320204939.0 | ||
| 008 | 191110s--------mx-#######---#000-0#spa-# | ||
| 041 | _aspa | ||
| 044 | _amx | ||
| 084 |
_aDOC116 _b.V47 _c[17-?] |
||
| 245 | 1 | 0 | _aVersos apocrifos a María |
| 260 |
_a[s.l] _c[17-?] |
||
| 300 |
_a[3] fojas _c26 x 20 cm. |
||
| 500 | _aEl documento contiene la leyenda DOC. #280. | ||
| 500 | _aPapel con marca de agua. | ||
| 500 | _aEstado de conservación: contiene manchas de acidez y márgenes deteriorados. | ||
| 506 | 0 | _aFondo Reservado. Para su consulta es necesario credencial de usuario y carta de motivos. | |
| 546 | _aTexto en: español | ||
| 650 | 1 | 4 |
_aPoesía _vManuscritos _913054 |
| 902 | _aFDH | ||
| 942 |
_2lcc _cD |
||
| 999 |
_c4810 _d4810 |
||